000 00730nam a22002057a 4500
999 _c7137
_d7137
003 AR-CdUCM
008 190319b ||||| |||| 00| 0 eng d
040 _aMUNICIPALIDAD PROVINCIAL DEL CUSCO
_cBIBLIOTECA MUNICIPAL DEL CUSCO
082 _a709 /
_bP56
100 _aCamón Aznar, José
_920119
245 _aSumma Artis, Historia general del arte :
_bPintura medieval española /
260 _aMadrid
_bEspasa-Calpe, S.A.,
_c1966.
300 _a715 páginas ;
_bIlustraciones en color y b/n.
_c27 cm.
505 _aContenido : Pintura medieval española -- Pintura románica -- Pintura gótica
650 _aHistoria del Arte
_91647
650 _aPintura
_93081
650 _aArte
_9561
942 _2ddc
_cLIBROS
945 _admma